| 000 | 00507nam a2200217Ia 4500 | ||
|---|---|---|---|
| 008 | 210210b1979 xxu||||| |||| 00| 0 eng d | ||
| 020 | _a0 7069 0727 2 | ||
| 082 | _a581.072 NAIG | ||
| 100 | _aNAIR (P K K) Ed | ||
| 245 | _aGlimpses in plant research V4 | ||
| 260 |
_aNew Delhi _bVikas Publishing House Pvt Ltd. _c1979 |
||
| 300 | _axii,183 | ||
| 440 | _a4 | ||
| 650 | _aV4 | ||
| 650 | _aresearch | ||
| 650 | _aplant | ||
| 650 | _ain | ||
| 650 | _aGlimpses | ||
| 690 | _aBotany | ||
| 906 | _a035364 | ||
| 999 |
_c85994 _d85994 |
||